
Library Catalogue

| 000 -LEADER | |
|---|---|
| fixed length control field | 01162nam a22001935i 4500 |
| 003 - CONTROL NUMBER IDENTIFIER | |
| control field | OSt |
| 005 - DATE AND TIME OF LATEST TRANSACTION | |
| control field | 20260429092431.0 |
| 008 - FIXED-LENGTH DATA ELEMENTS--GENERAL INFORMATION | |
| fixed length control field | 180226s2018 nyu 000 0 eng |
| 020 ## - INTERNATIONAL STANDARD BOOK NUMBER | |
| International Standard Book Number | 9789811083655 |
| 082 ## - DEWEY DECIMAL CLASSIFICATION NUMBER | |
| Classification number | 306.766095 RAN |
| 100 ## - MAIN ENTRY--PERSONAL NAME | |
| Personal name | Ranade Ketki |
| 245 00 - TITLE STATEMENT | |
| Title | Growing up gay in urban India : |
| Remainder of title | a critical psychosocial perspective / |
| Statement of responsibility, etc. | Ketki Ranade |
| 264 #1 - PRODUCTION, PUBLICATION, DISTRIBUTION, MANUFACTURE, AND COPYRIGHT NOTICE | |
| Place of production, publication, distribution, manufacture | New York : |
| Name of producer, publisher, distributor, manufacturer | Springer Berlin Heidelberg, |
| Date of production, publication, distribution, manufacture, or copyright notice | 2018. |
| 300 ## - PHYSICAL DESCRIPTION | |
| Extent | xvii, 169 p. : |
| Dimensions | 24 cm |
| 505 ## - FORMATTED CONTENTS NOTE | |
| Formatted contents note | Table of Contents<br/>Chapter 1 Growing Up Gay: Interrogating Disciplinary Frames.- Chapter 2 Researching Same-Sex Sexuality.- Chapter 3 Exploring Early Years: Childhood & Adolescence of Young Gay And Lesbian Persons.- Chapter 4 Exploring Identity Development & the Symbolic Meaning/s of ‘Coming Out’ in the Process of Identity Work.- Chapter 5 Living life as a queer person: Role of intimate relationships and queer community/s in consolidation of identity.- Chapter 6 Living Life As A Queer Person - Role Of Queer Community/S In Consolidation Of Identity.- Chapter 7 In Lieu of a Conclusion.<br/> |
| 650 ## - SUBJECT ADDED ENTRY--TOPICAL TERM | |
| Topical term or geographic name entry element | Gays - Social Conditions |
| 650 ## - SUBJECT ADDED ENTRY--TOPICAL TERM | |
| Topical term or geographic name entry element | Gay Culture - India |
| 942 ## - ADDED ENTRY ELEMENTS (KOHA) | |
| Source of classification or shelving scheme | Dewey Decimal Classification |
| Koha item type | BOOKs |
| Withdrawn status | Lost status | Source of classification or shelving scheme | Materials specified (bound volume or other part) | Damaged status | Not for loan | Collection code | Home library | Current library | Shelving location | Date acquired | Source of acquisition | Cost, normal purchase price | Total Checkouts | Total Renewals | Full call number | Barcode | Date last seen | Date last checked out | Price effective from | Koha item type |
|---|---|---|---|---|---|---|---|---|---|---|---|---|---|---|---|---|---|---|---|---|
| Dewey Decimal Classification | HB | Reference | . | . | 05.12.2018 | Purchased | 7946.00 | 1 | 1 | 306.766095 RAN | 36846 | 22.05.2025 | 25.04.2025 | 05.12.2018 | BOOKs |